000 00562nam a2200229Ia 4500
003 OSt
005 20220924145605.0
006 a|||||r|||| 00| 0
007 ta
008 220923b |||||||| |||| 00| 0 per d
024 _a329466
037 _cTextual
040 _aARTS
_cARTS
_bper
041 _2per
_aper
082 _aO164,6x, E8
100 _aAzeez Abdul Au.
245 0 _aInshai-e-dilaawez
260 _c1918
650 _aPERSIAN PROSE
_9997
942 _hO164,6x, E8
_cTEXL
_2CC
999 _c460579
_d460579